| 000 | 01281cam a22003737a 4500 | ||
|---|---|---|---|
| 001 | 000012507 | ||
| 003 | CHAP | ||
| 005 | 20220329133837.0 | ||
| 008 | 971013s1980 r 00010 d | ||
| 010 | _a11677 | ||
| 011 | _a12649 | ||
| 035 | _a15949 | ||
| 040 | _cCHAP | ||
| 082 | 0 | 4 |
_a630.9726 _bV3 |
| 100 | 0 | 0 |
_aValladares Arjona, Rubén. _9117558 |
| 245 | 1 | 3 |
_aLa Península de Yucatán : _b: una región de estudio de la Universidad Autónoma Chapingo. |
| 260 |
_aChapingo, Méx. : _bUACH. Subdirección de Centros Regionales, _c1980. |
||
| 300 |
_a85 h. _e+ apénd. |
||
| 590 |
_aBATCH-UPD _b10 _c20130109 _lUCH01 _h2323 |
||
| 590 |
_aBATCH-UPD _b10 _c20130110 _lUCH01 _h1144 |
||
| 590 |
_aBATCH-UPD _b10 _c20130409 _lUCH01 _h1847 |
||
| 590 |
_aBATCH-UPD _b10 _c20130410 _lUCH01 _h0729 |
||
| 590 |
_aBATCH-UPD _b10 _c20130914 _lUCH01 _h0037 |
||
| 590 |
_aCONVERSION _b10 _c20130109 _lUCH01 _h1308 |
||
| 590 |
_aE5995AHE _b05 _c20150324 _lUCH01 _h1056 |
||
| 650 | 1 | 4 |
_aAgricultura _xYucatán. _91902 |
| 650 | 1 | 4 |
_aEducación agrícola _xYucatán. _935548 |
| 700 | 0 |
_aDuch Gary, Jorge. _934352 |
|
| 901 | _aBK | ||
| 942 | _cLIBRO | ||
| 942 | _n0 | ||
| 949 |
_a630.9726 V3 _bBC _cLIBRO _d-154521 _eLIBRO _h59041 _i15949 _si |
||
| 949 |
_a630.9726 V3 _bI _cLIBRO _d-28166 _eLIBRO _h3906 _i15949 _si |
||
| 999 |
_c11677 _d11677 |
||